Normal view
MARC view
Entry Corporate Name
001 - CONTROL NUMBER
- control field: 556940
003 - CONTROL NUMBER IDENTIFIER
- control field: OSt
005 - DATE AND TIME OF LATEST TRANSACTION
- control field: 20220930095125.0
008 - FIXED-LENGTH DATA ELEMENTS
- fixed length control field: 220930|| aca||aabn | a|a d
040 ## - CATALOGING SOURCE
- Original cataloging agency: OSt
- Transcribing agency: OSt
110 ## - HEADING--CORPORATE NAME
- Corporate name or jurisdiction name as entry element: ਦਿੱਲੀ ਯੂਨੀਵਰਸਿਟੀ. ਆਰਟਸ ਖ਼ੈਕਲਟੀ.. ਪੰਜਾਬੀ ਵਿਭਾਗ
670 ## - SOURCE DATA FOUND
- Source citation: Work cat.: (OSt)888363: ਕੌਰ, ਗੁਰਪ੍ਰੀਤ, ਂਚ., ਬੀ. ਐੱਸ.ਬੀਰ ਅਤੇ ਗੁਲਗ਼ਾਰ ਸਿੰਘ ਸੰਧੂ ਦੀਆਂ ਕਹਾਣੀਆਂ ਦਾ ਤੁਲਨਾਮਕ ਅਧਿਐਨ, 2018
